| 000 | 01879nam0a2200349 4500 | ||
|---|---|---|---|
| 001 | RU\NLR\bibl\200902 | ||
| 005 | 20250619093216.0 | ||
| 010 |
_a5-696-00985-9 _9100 |
||
| 021 |
_aRU _b98-41186 _91980 |
||
| 035 | _a(NLR Aleph) 000197272 | ||
| 090 |
_a1142439 _c1142439 |
||
| 100 | _a20011106d1997 |||y0rusy50 ca | ||
| 101 | 0 | _arus | |
| 102 | _aRU | ||
| 105 | _aa ||||||||| | ||
| 200 | 1 |
_aМоделирование систем автоматического управления на ПЭВМ _eУчеб. пособие по лаб. работам _fА.А. Беседин, В.И. Долбенков, Т.К. Подлинева _gМ-во общ. и проф. образования Рос. Федерации, Юж.-Ур. гос. ун-т. Каф. систем упр. |
|
| 210 |
_aЧелябинск _cИзд-во ЮУрГУ _d1997 |
||
| 215 |
_a44,[1] с. _cил. _d20 |
||
| 320 | _aБиблиогр.: с. 44 (4 назв.) | ||
| 606 | 0 |
_aАвтоматическое управление и регулирование _xСистемы _xПроектирование _xАвтоматизация _xЛабораторная практика _92223839 _3RU\NLR\auth\661335153 |
|
| 606 | 0 |
_aСАУ _jУчебные издания для высшей школы _xПроектирование _xАвтоматизация _xЛабораторная практика _92223840 _3RU\NLR\auth\661335154 |
|
| 686 | _aЗ965-02-5-05я73-5 | ||
| 700 | 1 |
_aБеседин _bА. А. _gАлександр Александрович _4070 |
|
| 701 | 1 |
_aДолбенков _bВ. И. _gВладимир Иванович _4070 |
|
| 701 | 1 |
_aПодлинева _bТ. К. _gТатьяна Константиновна _4070 |
|
| 801 | 0 |
_aRU _bNLR _c20011106 _gPSBO |
|
| 801 | 1 |
_aRU _bNLR _c20011106 |
|
| 830 | _aавт. по кн. | ||
| 852 |
_aNLR _j2001-4/126 |
||
| 942 | _cBOOK | ||
| 980 | _aNB | ||